| 000 | 01219nam a2200253 a 4500 | ||
|---|---|---|---|
| 001 | 44338 | ||
| 003 | BD-RjUL | ||
| 005 | 20211209053835.0 | ||
| 008 | 160717s 1981bg ||||| |||| 00| 0 ben d | ||
| 035 | _a(BD-RjUL)44456 | ||
| 040 |
_aBD-RjUL _bben _cBD-RjUL _dBD-RjUL |
||
| 041 | _aben | ||
| 082 |
_223 _a079.54 _bADH 1981 |
||
| 245 | 0 | 0 |
_aআধুনিক ভারতের সাংবাদিকতা / _cরোল্যাণ্ড ই. উলস্লে সম্পাদিত ; আশফাক-উল-আলম অনূদিত |
| 260 |
_aঢাকা : _bবাংলা একাডেমী, _c১৯৮১ |
||
| 300 |
_a৪২৭ পৃ. ; _b২১ সেমি. |
||
| 500 | _a"চৌদ্দজন সহযোগী গ্রন্থাকার রচিত অধ্যায়সহ" | ||
| 500 | _aপরিভাষা ও নির্ঘণ্ট সংযুক্ত | ||
| 650 |
_aসাংবাদিকতা _vভারত _9136077 |
||
| 650 |
_aJournalism _vIndia _9136078 |
||
| 700 |
_aউলস্লে , রোল্যাণ্ড ই. ,সম্পাদক _9136079 |
||
| 700 |
_aআশফাক-উল-আলম, অনূবাদক _9136080 |
||
| 942 |
_2ddc _cBK |
||
| 999 |
_c44338 _d44338 |
||